|
|
|
|
| LEADER |
00000nab a2200000 a 4500 |
| 001 |
vtls000911376 |
| 003 |
SK-MaSNL |
| 005 |
20260302174219.0 |
| 008 |
040720e20000729xo 0 slo |
| 035 |
|
|
|a KE20295
|
| 040 |
|
|
|a KEVKJB
|b slo
|c KEVKJB
|e AACR2
|
| 041 |
0 |
|
|a slo
|
| 044 |
|
|
|a xo
|c SK
|
| 080 |
|
|
|a 796.332
|2 1981
|
| 100 |
1 |
|
|a Staško, Mojmír
|4 aut
|9 425454
|
| 245 |
1 |
0 |
|a Atmosféra je pred premiérou trochu napätá, strach však v nej necítiť
|b V Ličartovciach absolvuje Čaňa symbolický úvod
|
| 610 |
2 |
7 |
|a FK Čaňa
|2 KEVKJB
|9 39529
|
| 650 |
0 |
7 |
|a futbal
|2 KEVKJB
|9 3291
|
| 650 |
0 |
7 |
|a liga 2.
|2 KEVKJB
|9 883564
|
| 650 |
0 |
7 |
|a postup
|2 KEVKJB
|9 758550
|
| 650 |
0 |
7 |
|a káder mužstva
|2 KEVKJB
|9 883565
|
| 650 |
0 |
7 |
|a tím realizačný
|2 KEVKJB
|9 883566
|
| 650 |
0 |
7 |
|a zápasy
|2 KEVKJB
|9 880005
|
| 650 |
0 |
7 |
|a jeseň 2000
|2 KEVKJB
|9 883567
|
| 650 |
0 |
7 |
|a informácie
|2 KEVKJB
|9 1285
|
| 651 |
|
7 |
|a Čaňa (Slovensko)
|2 KEVKJB
|9 28954
|
| 651 |
|
7 |
|a Košice-okolie (Slovensko : okres)
|2 KEVKJB
|9 146743
|
| 651 |
|
7 |
|a KS,
|2 KEVKJB
|9 880381
|
| 655 |
|
7 |
|a periodikum
|2 snkbucl
|9 29553
|
| 710 |
2 |
|
|a FK Čaňa
|4 aut
|9 39529
|
| 773 |
0 |
8 |
|t Korzár
|g Roč. 3, č.174, 29.7.2000, s. 4
|
| 773 |
0 |
8 |
|i Príl.:
|t Šport
|
| 852 |
|
|
|a ZVYKNI
|b KIS3GCP
|
| 999 |
|
|
|c 1403349
|d 1405279
|